| 000 -CABECERA |
| fixed length control field |
00700nam a22002057a 4500 |
| 003 - IDENTIFICADOR DEL NÚMERO DE CONTROL |
| control field |
AR-CdUCM |
| 008 - DATOS DE LONGITUD FIJA--INFORMACIÓN GENERAL |
| fixed length control field |
190416b ||||| |||| 00| 0 spa d |
| 040 ## - FUENTE DE LA CATALOGACIÓN |
| Agencia/entidad que catalogó originalmente la obra |
MUNICIPALIDAD PROVINCIAL DEL CUSCO |
| Entidad que transcribió la catalogación |
BIBLIOTECA MUNICIPAL DEL CUSCO |
| 082 ## - NÚMERO DE LA CLASIFICACIÓN DECIMAL DEWEY |
| No. de Clasificación |
C / 985.61 / |
| Notacion interna |
V19 / 1970 |
| 100 ## - ENTRADA PRINCIPAL--NOMBRE DE PERSONA |
| Nombre Personal |
Valencia Zegarra, Alfredo |
| 245 ## - MENCIÓN DE TÍTULO |
| Título |
Dos tumbas de Saqsaywaman / |
| 260 ## - PUBLICACIÓN, DISTRIBUCIÓN, ETC. |
| Lugar de publicación, distribución, etc. |
Cusco : |
| Fecha de publicación, distribución, etc. |
1970. |
| 300 ## - DESCRIPCIÓN FÍSICA |
| Nº de Páginas Extensión |
75 páginas ; |
| Dimensiones |
23 cm. |
| Otros detalles físicos |
Laminas. |
| 505 ## - NOTA DE CONTENIDO CON FORMATO |
| Nota de contenido formateada |
Contenido : Tumba 1 -- Objetos asociados -- Los platos -- Olla en miniatura -- El alfiler ... |
| 650 ## - PUNTO DE ACCESO ADICIONAL DE MATERIA--TÉRMINO DE MATERIA |
| Descriptor |
Investigación |
| 9 (RLIN) |
1940 |
| 650 ## - PUNTO DE ACCESO ADICIONAL DE MATERIA--TÉRMINO DE MATERIA |
| Descriptor |
Arqueología |
| 9 (RLIN) |
371 |
| 650 ## - PUNTO DE ACCESO ADICIONAL DE MATERIA--TÉRMINO DE MATERIA |
| Descriptor |
Cusqueña |
| 9 (RLIN) |
28622 |
| 942 ## - ELEMENTOS DE PUNTO DE ACCESO ADICIONAL (KOHA) |
| Fuente de clasificación |
|
| Tipo de item |
Libros-BMC |
| 945 ## - PROCESAMIENTO DE INFORMACIÓN LOCAL (OCLC) |
| Catalogador |
rah |
| AAAA-MM-DD - Fecha de ingreso o modificacion |
16/04/2019 |